| 000 | 00659nam a2200193Ii 4500 | ||
|---|---|---|---|
| 003 | JO-AjNU | ||
| 008 | 230605s9999||||xx |||||||||||||| ||und|| | ||
| 040 |
_aJO-AjNU _bara _erda _cJO-AjNU |
||
| 041 | _aara | ||
| 050 | 1 | 4 | _aQA76.73.L6.Q32 1991 |
| 100 | 3 |
_aالقاضي ، زياد / م مشارك حسين حتاملة, _eauthor _941304 |
|
| 245 | 0 | 0 | _aالبرمجة بلغة لوجو |
| 264 | 3 | 1 | _aعمان:دار الفكر ، 1991 |
| 300 | _a164ص | ||
| 336 |
_atext _btxt _2rdacontent |
||
| 337 |
_aunmediated _bn _2rdamedia |
||
| 338 |
_avolume _bnc _2rdacarrier |
||
| 650 | 4 |
_aلوجو-دراسة وتعليم -حاسبات الكترونية _941305 |
|
| 999 |
_aA17600 _c21168 _d21168 |
||